<?xml version="1.0" encoding="UTF-8"?>
<record
    xmlns:xsi="http://www.w3.org/2001/XMLSchema-instance"
    xsi:schemaLocation="http://www.loc.gov/MARC21/slim http://www.loc.gov/standards/marcxml/schema/MARC21slim.xsd"
    xmlns="http://www.loc.gov/MARC21/slim">

  <leader>00666nam a2200157Ia 4500</leader>
  <controlfield tag="008">260210s9999    xx            000 0 und d</controlfield>
  <datafield tag="024" ind1=" " ind2=" ">
    <subfield code="a">19B-003-CS, 19B-044-CS, 19B-020-CS, &amp;amp; 17B-037-CS</subfield>
  </datafield>
  <datafield tag="082" ind1=" " ind2=" ">
    <subfield code="a">004.8072 ALA</subfield>
  </datafield>
  <datafield tag="100" ind1=" " ind2=" ">
    <subfield code="a">Hashir Alam, Abdul Rehman Khalidi, M. Sameer Javed Khan, &amp;amp; M. Hassan Siddiqui</subfield>
  </datafield>
  <datafield tag="110" ind1=" " ind2=" ">
    <subfield code="a">Dr. Najmi Ghani. Haider</subfield>
  </datafield>
  <datafield tag="245" ind1=" " ind2="0">
    <subfield code="a">Text Prediction and A Speech Recognition System For Urdu Language</subfield>
  </datafield>
  <datafield tag="260" ind1=" " ind2=" ">
    <subfield code="a">Karachi:</subfield>
    <subfield code="b">UITU,</subfield>
    <subfield code="c">2019</subfield>
  </datafield>
  <datafield tag="600" ind1=" " ind2=" ">
    <subfield code="a">Computer Science</subfield>
  </datafield>
  <datafield tag="650" ind1=" " ind2=" ">
    <subfield code="a">Bachelor of Computer Science (BS)</subfield>
  </datafield>
  <datafield tag="856" ind1=" " ind2=" ">
    <subfield code="u">https://drive.google.com/file/d/1GbpM_gQlvpyJ1gKoH41p6dO0cTuINhwy/view?usp=sharing</subfield>
    <subfield code="y">Click here for PDF</subfield>
  </datafield>
  <datafield tag="999" ind1=" " ind2=" ">
    <subfield code="c">32521</subfield>
    <subfield code="d">32521</subfield>
  </datafield>
</record>
